000 00890nam a2200229 i 4500
001 47473
003 ES-MaACL
005 20230906161553.0
007 t|
008 030428s2002 sp ||||0| spa j
020 _a84-95240-57-2
040 _aM-BN
_bspa
_cM-BN
080 _a347.235(460)
100 1 _aVillaplana García, Constancio.
_9115061
245 1 0 _aFichero registral inmobiliario
_b: jurisprudencia y doctrina : apéndice 2001 /
_cConstancio Villaplana García.
260 _a[Madrid] :
_bCentro de Estudios Registrales,
_c[2002]
300 _a250 p ;
_c23 cm.
650 4 _aRegistro de la propiedad-
_zEspaña-
_vJurisprudencia.
_916763
650 4 _aRegistro de la propiedad-
_zEspaña-
_vDictámenes.
_916762
710 2 _aColegio de Registradores de la Propiedad y Mercantiles de España.
_bCentro de Estudios Registrales.
_9162314
852 _aES-MaACL
_jL-26251
_bR.131582
999 _c47473
_d47473